Mappa dell'Europa - Statistics

Statistiche generali
  • Questo quiz è stato fatto 12.462 volte
  • Il punteggio medio è 34 su 45
Risposte nella Mappa
Le risposte nella mappa del quiz sottostante sono codificate secondo una scala di colori dal rosso al verde in base alla % di persone che hanno risposto correttamente.
 
Statistiche sulle risposte
Risposta % Corretto
Francia
95%
Portogallo
94%
Spagna
94%
Italia
93%
Regno Unito
92%
Grecia
91%
Irlanda
91%
Russia
90%
Islanda
89%
Germania
88%
Norvegia
84%
Danimarca
83%
Austria
82%
Belgio
82%
Svizzera
82%
Finlandia
80%
Paesi Bassi
80%
Polonia
78%
Svezia
78%
Ucraina
77%
Città del Vaticano
75%
Bielorussia
74%
Lussemburgo
74%
Malta
74%
San Marino
74%
Estonia
73%
Croazia
72%
Monaco
72%
Andorra
71%
Albania
69%
Liechtenstein
69%
Repubblica Ceca
69%
Lettonia
68%
Romania
68%
Slovenia
67%
Moldavia
66%
Bosnia ed Erzegovina
63%
Kosovo
63%
Lituania
63%
Slovacchia
61%
Bulgaria
60%
Macedonia del Nord
60%
Serbia
59%
Montenegro
57%
Ungheria
57%
Nessun quiz corrispondente trovato
Distribuzione punteggi
Percentuale di utenti per punteggio
Percentile per numero di risposta
I tuoi punteggi nel tempo
Non hai fatto questo quiz